[Event "DEM U12/U12w 2003"]
[Site "Willingen GER"]
[Date "2003.06.14"]
[Round "11"]
[White "Korman, Maxim"]
[Black "Rath, Oliver"]
[Result "1-0"]
[Termination "normal"]
[Board "12"]
[WhiteElo "1711"]
[BlackElo "1513"]
[PlyCount "131"]
[WhiteFideId "24619787"]
[BlackFideId "24610380"]
[EventCountry "GER"]
[EventRounds "11"]
[EventType "swiss"]
[EventDate "2003.06.07"]

1. e4 c5 2. Nf3 d6 3. Bb5+ Bd7 4. Bxd7+ Nxd7 5. c4 g6 6. O-O Bg7 7. Nc3 Ngf6 8.
d4 cxd4 9. Nxd4 O-O 10. f3 Qb6 11. Na4 Qc7 12. b3 Nc5 13. Nc3 Nfd7 14. Nd5 Qd8
15. Be3 e6 16. Nc3 Nb6 17. Rc1 a6 18. Qd2 Re8 19. Nde2 e5 20. Rfd1 Bf8 21. Nd5
Nxd5 22. Qxd5 Qc7 23. Nc3 Rad8 24. Qd2 Bg7 25. Nd5 Qc8 26. Bg5 Bf8 27. Nf6+ Kh8
28. Nxe8 Rxe8 29. Be3 Ne6 30. b4 Qc6 31. Qd5 Qc7 32. b5 axb5 33. cxb5 Qb8 34.
Rc2 Kg8 35. Rdc1 Be7 36. b6 Rf8 37. Qa5 Kg7 38. Qa7 Qa8 39. Qxa8 Rxa8 40. Ra1
Ra3 41. Kf2 Bf6 42. Rc8 Nd4 43. Bxd4 exd4 44. Rc7 d3 45. Rd1 Rxa2+ 46. Kf1 Rb2
47. Rxb7 Bd4 48. Rxd3 Rxb6 49. Rxb6 Bxb6 50. Rxd6 Bc7 51. Rd7 Bxh2 52. Kf2 Be5
53. g3 g5 54. Rd1 h6 55. Rf1 Kg6 56. Kg2 Bb8 57. f4 gxf4 58. gxf4 h5 59. Kg3 f6
60. Rg1 Kf7 61. Rg2 Bc7 62. Rd2 Ke7 63. Rh2 Ke6 64. Rxh5 Bd6 65. Rb5 Kf7 66. e5
1-0

[Event "DEM U12/U12w 2003"]
[Site "Willingen GER"]
[Date "2003.06.14"]
[Round "11"]
[White "Kim, Oi-sin"]
[Black "Gölz, Daniel"]
[Result "0-1"]
[Termination "normal"]
[Board "13"]
[WhiteElo "1588"]
[BlackElo "1682"]
[PlyCount "100"]
[WhiteFideId "24605778"]
[BlackFideId "24626325"]
[EventCountry "GER"]
[EventRounds "11"]
[EventType "swiss"]
[EventDate "2003.06.07"]

1. e4 c5 2. Nf3 a6 3. c3 d5 4. exd5 Qxd5 5. d4 cxd4 6. cxd4 Bg4 7. Nc3 Qd8 8.
h3 Bh5 9. Be2 e6 10. O-O Nf6 11. Qb3 b5 12. Be3 Be7 13. Rfd1 Bd6 14. Rac1 O-O
15. Bg5 Nbd7 16. d5 Bxf3 17. Bxf3 Nc5 18. Qc2 e5 19. Bxf6 Qxf6 20. Ne4 Nxe4 21.
Qxe4 Rac8 22. Bg4 Rc5 23. Rxc5 Bxc5 24. b4 Qxf2+ 25. Kh2 Bd4 26. d6 f5 27. Qd5+
Kh8 28. d7 Rd8 29. Qf7 fxg4 30. Qe8+ Qf8 31. Qxf8+ Rxf8 32. Rc1 g3+ 33. Kxg3
Bf2+ 34. Kg4 Bb6 35. Rc6 Bd8 36. Rxa6 Rf4+ 37. Kg3 Rf7 38. Rd6 Kg8 39. Rd5 Re7
40. Rxb5 Rxd7 41. a4 Rd3+ 42. Kf2 Bf6 43. a5 e4 44. a6 Ra3 45. Rb8+ Kf7 46. b5
Bd4+ 47. Kf1 Ra1+ 48. Ke2 Ra2+ 49. Kf1 e3 50. Rd8 e2+ 0-1

[Event "DEM U12/U12w 2003"]
[Site "Willingen GER"]
[Date "2003.06.14"]
[Round "11"]
[White "Poetsch, Hagen"]
[Black "Fink, Leander"]
[Result "1-0"]
[Termination "normal"]
[Board "14"]
[WhiteElo "1611"]
[BlackElo "1657"]
[PlyCount "81"]
[WhiteFideId "24615137"]
[BlackFideId "24605247"]
[EventCountry "GER"]
[EventRounds "11"]
[EventType "swiss"]
[EventDate "2003.06.07"]

1. e4 g6 2. d4 Bg7 3. Nf3 d6 4. Nc3 Nd7 5. Be2 e5 6. Be3 Ngf6 7. h3 O-O 8. Qd2
c6 9. O-O-O Qc7 10. d5 c5 11. g4 h5 12. gxh5 Nxh5 13. Rdg1 Ndf6 14. Nh4 a6 15.
Bh6 b5 16. Bxg7 Kxg7 17. Nf5+ Bxf5 18. exf5 Nf4 19. fxg6 fxg6 20. Bf3 b4 21.
Ne4 Nxe4 22. Bxe4 c4 23. h4 c3 24. Qe3 Qa5 25. Kb1 cxb2 26. Bxg6 Qa3 27. Bd3+
Kf7 28. Qe4 Ke7 29. Rg7+ Kd8 30. h5 Nxd3 31. Qxd3 Qxd3 32. cxd3 Rc8 33. h6 Rc7
34. Rhg1 Rcf7 35. Rxf7 Rxf7 36. Rg7 Ke8 37. h7 Rxg7 38. h8=Q+ Kf7 39. Kxb2 Rg2
40. Qh5+ Ke7 41. Qf5 1-0

[Event "DEM U12/U12w 2003"]
[Site "Willingen GER"]
[Date "2003.06.14"]
[Round "11"]
[White "Heistermann, Till"]
[Black "Khramoy, Gennadiy"]
[Result "1-0"]
[Termination "normal"]
[Board "15"]
[WhiteElo "1619"]
[BlackElo "1517"]
[PlyCount "73"]
[EventCountry "GER"]
[EventRounds "11"]
[EventType "swiss"]
[EventDate "2003.06.07"]

1. e4 e6 2. d4 d5 3. Nc3 Nf6 4. e5 Nfd7 5. f4 c5 6. Nf3 Nc6 7. Be3 Qb6 8. Rb1
cxd4 9. Nxd4 Nxd4 10. Bxd4 Bc5 11. Bxc5 Nxc5 12. Qd2 a6 13. Bd3 h6 14. Qf2
Nxd3+ 15. cxd3 d4 16. O-O O-O 17. Ne4 Bd7 18. Rfc1 Rfd8 19. Rc2 a5 20. Rbc1 Bc6
21. Qe2 Rd7 22. Nd6 Bd5 23. b3 Rad8 24. Rc5 Rf8 25. Qd2 Ra8 26. Qb2 Qa6 27.
Qxd4 Kh7 28. Rc7 Rxd6 29. exd6 Qxd6 30. Rxf7 e5 31. fxe5 Qa3 32. Rfc7 Bc6 33.
Rf1 Qxa2 34. Qg4 Rg8 35. h3 Qb2 36. Qg3 Qxb3 37. Rff7 1-0

[Event "DEM U12/U12w 2003"]
[Site "Willingen GER"]
[Date "2003.06.14"]
[Round "11"]
[White "Collmann, Martin"]
[Black "Schrödter, Thomas"]
[Result "0-1"]
[Termination "normal"]
[Board "16"]
[WhiteElo "1438"]
[BlackElo "1605"]
[PlyCount "78"]
[EventCountry "GER"]
[EventRounds "11"]
[EventType "swiss"]
[EventDate "2003.06.07"]

1. e4 c5 2. Nf3 Nc6 3. d4 cxd4 4. Nxd4 Nf6 5. Nc3 e5 6. Ndb5 d6 7. Bg5 a6 8.
Na3 b5 9. Nd5 Be7 10. Bxf6 Bxf6 11. c3 O-O 12. Nc2 Rb8 13. Be2 Bg5 14. O-O f5
15. Ncb4 Nxb4 16. Nxb4 Bb7 17. exf5 Rxf5 18. Qd3 Rf6 19. Nd5 Rh6 20. c4 bxc4
21. Qxc4 Kh8 22. b3 Rh4 23. g4 Bxd5 24. Qxd5 Bf4 25. Rad1 Rh6 26. h3 Qh4 27.
Qh1 a5 28. Rd5 Qd8 29. Rfd1 Qc7 30. Bf1 Rf8 31. Qe4 Rhf6 32. Qa4 Bg3 33. Bg2
Bxf2+ 34. Kh1 Bc5 35. Rc1 Rf4 36. Qb5 Rf2 37. a3 Qf7 38. b4 Rxg2 39. Kxg2 Qxd5+
0-1

[Event "DEM U12/U12w 2003"]
[Site "Willingen GER"]
[Date "2003.06.14"]
[Round "11"]
[White "Yao, Kelvin"]
[Black "Fischer, Benjamin"]
[Result "0-1"]
[Termination "normal"]
[Board "17"]
[WhiteElo "1426"]
[BlackElo "1591"]
[PlyCount "130"]
[EventCountry "GER"]
[EventRounds "11"]
[EventType "swiss"]
[EventDate "2003.06.07"]

1. d4 d5 2. c4 e6 3. Nc3 Nf6 4. cxd5 exd5 5. Bg5 Be7 6. e3 O-O 7. Bd3 c6 8.
Nge2 Nbd7 9. Qc2 Re8 10. h3 Nf8 11. g4 Ne4 12. Bxe7 Qxe7 13. Nf4 Ng6 14. Ncxd5
cxd5 15. Nxd5 Qh4 16. Bxe4 Rb8 17. O-O-O Be6 18. Kb1 Rbc8 19. Qe2 Qd8 20. Nc3
Bc4 21. Qf3 Qb6 22. Bd5 Bxd5 23. Nxd5 Qd6 24. Nc3 Re6 25. Qf5 Rce8 26. Rc1 Rf6
27. Qd5 Qxd5 28. Nxd5 Rxf2 29. Rhd1 Rf3 30. Rc7 Rb8 31. Rdc1 h6 32. Ne7+ Nxe7
33. Rxe7 Rxh3 34. d5 Rd8 35. Rd1 Kf8 36. Rc7 Rxe3 37. d6 Re6 38. d7 Ke7 39.
Rxb7 a6 40. b4 Rd6 41. Rxd6 Kxd6 42. Rb6+ Kxd7 43. Rxa6 Rc8 44. Ra3 Rc4 45. Rb3
Rxg4 46. a4 Kc6 47. Kc2 h5 48. Rc3+ Kb6 49. Kb3 h4 50. a5+ Kb7 51. Ka4 Rg3 52.
Rc5 h3 53. Rb5+ Ka7 54. Rh5 g5 55. Rh7 Rf3 56. b5 g4 57. b6+ Ka6 58. Rh8 Rf4+
59. Ka3 Kxa5 60. b7 Ra4+ 61. Kb3 Rb4+ 62. Kc3 Rxb7 63. Kd3 Re7 64. Rh5+ Kb6 65.
Rh6+ Kb7 0-1

[Event "DEM U12/U12w 2003"]
[Site "Willingen GER"]
[Date "2003.06.14"]
[Round "11"]
[White "Doberitz, Paul"]
[Black "Schroer, Claus"]
[Result "0-1"]
[Termination "normal"]
[Board "18"]
[WhiteElo "1526"]
[BlackElo "1475"]
[PlyCount "40"]
[WhiteFideId "24646130"]
[EventCountry "GER"]
[EventRounds "11"]
[EventType "swiss"]
[EventDate "2003.06.07"]

1. e4 e5 2. Nf3 Nc6 3. d4 exd4 4. Bc4 Nf6 5. O-O Nxe4 6. Re1 d5 7. Bxd5 Qxd5 8.
Nc3 Qa5 9. Nxe4 Be6 10. Bf4 O-O-O 11. Neg5 Bb4 12. Nxe6 fxe6 13. Re4 Qf5 14.
Qe2 Rhe8 15. Rd1 Ba5 16. Nxd4 Nxd4 17. Rexd4 Rxd4 18. Rxd4 e5 19. Re4 Rd8 20.
Bxe5 Qxe4 0-1

[Event "DEM U12/U12w 2003"]
[Site "Willingen GER"]
[Date "2003.06.14"]
[Round "11"]
[White "Gahn, Juliane"]
[Black "Rafiee, Makan"]
[Result "0-1"]
[Termination "normal"]
[Board "19"]
[WhiteElo "1379"]
[BlackElo "1579"]
[PlyCount "74"]
[BlackFideId "24609340"]
[EventCountry "GER"]
[EventRounds "11"]
[EventType "swiss"]
[EventDate "2003.06.07"]

1. e4 c5 2. Nf3 d6 3. d4 cxd4 4. Nxd4 Nf6 5. Nc3 a6 6. Be3 e5 7. Nb3 Be6 8. f3
Be7 9. Qd2 O-O 10. g4 d5 11. g5 d4 12. Nxd4 exd4 13. Bxd4 Ne8 14. h4 Nc6 15.
Be3 Qxd2+ 16. Bxd2 Nd4 17. O-O-O Nxf3 18. Bf4 Bc5 19. Be2 Nd4 20. Bd3 b5 21. h5
b4 22. Nd5 a5 23. Kb1 a4 24. Ne3 b3 25. c4 Nd6 26. Rhg1 a3 27. g6 Rab8 28.
gxh7+ Kh8 29. Kc1 bxa2 30. Kd2 Nf3+ 31. Ke2 Nxg1+ 32. Rxg1 axb2 33. Be5 f6 34.
h6 fxe5 35. hxg7+ Kxh7 36. Rh1+ Kg8 37. Rh8+ Kxg7 0-1

[Event "DEM U12/U12w 2003"]
[Site "Willingen GER"]
[Date "2003.06.14"]
[Round "11"]
[White "Remy, Janina"]
[Black "Falke, Isaak"]
[Result "1/2-1/2"]
[Termination "normal"]
[Board "20"]
[WhiteElo "1672"]
[BlackElo "1460"]
[PlyCount "92"]
[WhiteFideId "24627348"]
[BlackFideId "24614483"]
[EventCountry "GER"]
[EventRounds "11"]
[EventType "swiss"]
[EventDate "2003.06.07"]

1. c4 a6 2. Nc3 b6 3. d4 Bb7 4. Bf4 Nf6 5. e3 e6 6. a3 Be7 7. Nf3 O-O 8. Be2 c5
9. dxc5 bxc5 10. O-O d5 11. cxd5 Nxd5 12. Nxd5 Bxd5 13. Qc2 Qb6 14. Rab1 Nd7
15. Ne5 Nxe5 16. Bxe5 Rac8 17. Bd3 g6 18. Be4 Ba2 19. Ra1 Bb3 20. Qe2 Bg5 21.
Qg4 Bh6 22. Qh4 Bg7 23. Bf6 a5 24. Qg5 Bxf6 25. Qxf6 Rfd8 26. Qc3 Bd5 27. Bc2
Rb8 28. Rfb1 Rdc8 29. Ba4 Ra8 30. h3 Qb7 31. f3 Qb6 32. Kh1 Qc7 33. e4 Bb7 34.
Rd1 Bc6 35. Qc4 Bxa4 36. Qxa4 Qb6 37. Rab1 Rd8 38. Qc2 Rac8 39. Qc3 Qc7 40.
Rxd8+ Qxd8 41. Qe1 Qc7 42. Qc3 Rd8 43. Qe1 Qb6 44. Qe3 Qd6 45. Qc3 Qc7 46. Qe3
Qc6 1/2-1/2

[Event "DEM U12/U12w 2003"]
[Site "Willingen GER"]
[Date "2003.06.14"]
[Round "11"]
[White "Roitzsch, Philipp"]
[Black "Seifert, Christopher"]
[Result "1-0"]
[Termination "normal"]
[Board "21"]
[WhiteElo "1612"]
[BlackElo "1369"]
[PlyCount "39"]
[WhiteFideId "24635529"]
[BlackFideId "24615293"]
[EventCountry "GER"]
[EventRounds "11"]
[EventType "swiss"]
[EventDate "2003.06.07"]

1. e4 e6 2. d4 d5 3. e5 c5 4. c3 Nc6 5. Nf3 Qb6 6. Bd3 Bd7 7. O-O cxd4 8. cxd4
Nxd4 9. Nxd4 Qxd4 10. Nc3 Qxe5 11. Re1 Qd6 12. Nb5 Bxb5 13. Bxb5+ Kd8 14. Bd2
Nf6 15. Rc1 Rc8 16. Rxc8+ Kxc8 17. Qa4 a6 18. Bf4 Qb4 19. Rc1+ Kd8 20. Bc7+ 1-0

[Event "DEM U12/U12w 2003"]
[Site "Willingen GER"]
[Date "2003.06.14"]
[Round "11"]
[White "Moshtael, Wesal"]
[Black "Schulz, Marcel"]
[Result "1/2-1/2"]
[Termination "normal"]
[Board "22"]
[WhiteElo "1578"]
[BlackElo "1406"]
[PlyCount "74"]
[WhiteFideId "24618551"]
[BlackFideId "1270585"]
[EventCountry "GER"]
[EventRounds "11"]
[EventType "swiss"]
[EventDate "2003.06.07"]

1. d4 f5 2. Bg5 g6 3. e3 Bg7 4. Bd3 h6 5. Bh4 Nf6 6. Nd2 O-O 7. Ne2 d6 8. Nf3
Nc6 9. Bc4+ Kh7 10. Nf4 e5 11. dxe5 dxe5 12. Qxd8 Rxd8 13. Bxf6 Bxf6 14. Nd5
Bg7 15. Nxc7 Rb8 16. Nd2 Nb4 17. O-O-O e4 18. a3 Nc6 19. Nb3 Rd7 20. Rxd7 Bxd7
21. Nc5 Rc8 22. Rd1 Ne5 23. Nxd7 Rxc7 24. Nxe5 Bxe5 25. Be6 Kg7 26. Rd7+ Rxd7
27. Bxd7 Bxh2 28. Kd2 Be5 29. b3 Kf6 30. c4 Bd6 31. b4 Be5 32. a4 g5 33. g4 f4
34. Bc8 b6 35. Bb7 Bd6 36. b5 Bb4+ 37. Ke2 Ke5 1/2-1/2

[Event "DEM U12/U12w 2003"]
[Site "Willingen GER"]
[Date "2003.06.14"]
[Round "11"]
[White "Bradler, Stephan"]
[Black "Zahn, Benno"]
[Result "1/2-1/2"]
[Termination "normal"]
[Board "23"]
[WhiteElo "1366"]
[BlackElo "1529"]
[PlyCount "85"]
[WhiteFideId "24629367"]
[BlackFideId "24636070"]
[EventCountry "GER"]
[EventRounds "11"]
[EventType "swiss"]
[EventDate "2003.06.07"]

1. e4 c5 2. Nf3 Nc6 3. d4 cxd4 4. Nxd4 g6 5. Nc3 Bg7 6. Be3 Nf6 7. Nxc6 bxc6 8.
e5 Ng8 9. f4 d6 10. exd6 exd6 11. Qd2 Nf6 12. O-O-O Bg4 13. Be2 Bxe2 14. Qxe2
O-O 15. Bc5 Ne8 16. Qd3 Qa5 17. Bd4 Rb8 18. Bxg7 Kxg7 19. Qd4+ Kg8 20. a3 c5
21. Qa4 Qb6 22. b3 Nf6 23. Rhe1 Rfd8 24. Re7 a6 25. f5 d5 26. fxg6 hxg6 27. Rf1
c4 28. Qb4 Qd4 29. Qa5 cxb3 30. cxb3 Rdc8 31. Rc7 Qe3+ 32. Kc2 Qe5 33. Rxc8+
Rxc8 34. Kd3 Qe6 35. Qb4 Ng4 36. Qf4 Ne5+ 37. Kd4 Nc6+ 38. Kd3 Re8 39. Rf2 d4
40. Re2 Qd7 41. Rxe8+ Qxe8 42. Nd5 Qe6 43. Qe4 1/2-1/2

[Event "DEM U12/U12w 2003"]
[Site "Willingen GER"]
[Date "2003.06.14"]
[Round "11"]
[White "Jannes, Alexander"]
[Black "Kickert, Germaine-Helene"]
[Result "1-0"]
[Termination "normal"]
[Board "24"]
[WhiteElo "1515"]
[BlackElo "1374"]
[PlyCount "57"]
[WhiteFideId "4647955"]
[BlackFideId "24614890"]
[EventCountry "GER"]
[EventRounds "11"]
[EventType "swiss"]
[EventDate "2003.06.07"]

1. d4 d5 2. c4 e6 3. Nc3 Nf6 4. Bg5 Be7 5. cxd5 exd5 6. e3 O-O 7. Bd3 Nbd7 8.
Nge2 c6 9. Qc2 Re8 10. O-O Nf8 11. a3 Ne4 12. Bxe7 Qxe7 13. Bxe4 dxe4 14. Ng3
f5 15. d5 Rd8 16. dxc6 bxc6 17. Nce2 Bd7 18. Nd4 Qf6 19. f3 exf3 20. Rxf3 g6
21. Rd1 Ne6 22. Nxe6 Qxe6 23. e4 fxe4 24. Nxe4 Qe5 25. Nf6+ Kg7 26. Nxd7 Qa5
27. Qc3+ Qxc3 28. bxc3 Rac8 29. Rfd3 1-0

[Event "DEM U12/U12w 2003"]
[Site "Willingen GER"]
[Date "2003.06.14"]
[Round "11"]
[White "Karmann, Anna"]
[Black "Linsenmeyer, Mario"]
[Result "0-1"]
[Termination "normal"]
[Board "25"]
[WhiteElo "1275"]
[BlackElo "1500"]
[PlyCount "108"]
[WhiteFideId "24648000"]
[BlackFideId "24635138"]
[EventCountry "GER"]
[EventRounds "11"]
[EventType "swiss"]
[EventDate "2003.06.07"]

1. c4 g6 2. Nc3 Bg7 3. g3 e5 4. Bg2 d6 5. e3 Nc6 6. Nge2 Nf6 7. d3 O-O 8. O-O
Re8 9. a3 a5 10. Rb1 Bf5 11. e4 Bg4 12. h3 Be6 13. f4 exf4 14. Bxf4 Qc8 15. Kh2
Nh5 16. Be3 Ne5 17. b3 Bg4 18. Qd2 Bxe2 19. Nxe2 Nf6 20. Rbd1 c6 21. Bh6 Bxh6
22. Qc3 Bg7 23. Kh1 Qc7 24. Qd2 Rad8 25. Rc1 Qb6 26. Rb1 Qa6 27. a4 b5 28. axb5
cxb5 29. Ra1 Ra8 30. d4 Nc6 31. Qd3 b4 32. Qc2 Ra7 33. Rf2 Rae7 34. d5 Nxe4 35.
Bxe4 Rxe4 36. Ra2 R4e7 37. dxc6 Qxc6+ 38. Kh2 Qb6 39. Rg2 Qe3 40. Nf4 Qc5 41.
Qd2 Bh6 42. Rf2 Re4 43. Qc1 d5 44. Rac2 dxc4 45. Qf1 Bxf4 46. Rxf4 Rxf4 47.
Qxf4 c3 48. Qf1 Rd8 49. Qe1 Qd5 50. Qb1 Qd3 51. Qa2 Qd2+ 52. Kg1 Qd1+ 53. Kf2
Rd2+ 54. Rxd2 cxd2 0-1

[Event "DEM U12/U12w 2003"]
[Site "Willingen GER"]
[Date "2003.06.14"]
[Round "11"]
[White "Hirneise, Jens"]
[Black "Geis, Raoul-Marian"]
[Result "1/2-1/2"]
[Termination "normal"]
[Board "26"]
[WhiteElo "1495"]
[BlackElo "1315"]
[PlyCount "100"]
[WhiteFideId "24614734"]
[EventCountry "GER"]
[EventRounds "11"]
[EventType "swiss"]
[EventDate "2003.06.07"]

1. d4 d5 2. Nf3 Nf6 3. e3 c5 4. b3 e6 5. Ne5 Bd7 6. Bb2 Nc6 7. f4 cxd4 8. exd4
Nxe5 9. dxe5 Ne4 10. g3 Qb6 11. Bd4 Bc5 12. Bxc5 Qxc5 13. Qe2 a6 14. a4 Qa5+
15. Nd2 Nxd2 16. Qxd2 Qxd2+ 17. Kxd2 Bc6 18. Bg2 Ke7 19. c4 Rhd8 20. cxd5 Bxd5
21. Bxd5 Rxd5+ 22. Ke2 Rad8 23. Rhd1 Rxd1 24. Rxd1 Rxd1 25. Kxd1 Kd7 26. Kd2
Kc6 27. b4 b5 28. a5 Kd5 29. Kd3 f6 30. exf6 gxf6 31. g4 e5 32. fxe5 fxe5 33.
g5 e4+ 34. Ke3 Ke5 35. h3 Kf5 36. h4 Kg4 37. Kxe4 Kxh4 38. Kf4 Kh5 39. Kf5 Kh4
40. g6 hxg6+ 41. Kxg6 Kg4 42. Kf6 Kf4 43. Ke6 Ke4 44. Kd6 Kd4 45. Kc6 Kc4 46.
Kb6 Kxb4 47. Kxa6 Kc4 48. Kb6 b4 49. a6 b3 50. a7 b2 1/2-1/2

[Event "DEM U12/U12w 2003"]
[Site "Willingen GER"]
[Date "2003.06.14"]
[Round "11"]
[White "Smolkina, Milana"]
[Black "Hannes, Diana"]
[Result "0-1"]
[Termination "normal"]
[Board "27"]
[WhiteElo "1623"]
[BlackElo "1145"]
[PlyCount "142"]
[WhiteFideId "24618780"]
[BlackFideId "24611344"]
[EventCountry "GER"]
[EventRounds "11"]
[EventType "swiss"]
[EventDate "2003.06.07"]

1. d4 f5 2. Nc3 Nf6 3. Bg5 e6 4. e4 fxe4 5. Nxe4 Be7 6. Bxf6 Bxf6 7. Qh5+ g6 8.
Qh6 Bxd4 9. O-O-O Nc6 10. Nf3 Bb6 11. Qg7 Rf8 12. Qxh7 Qe7 13. Qxg6+ Qf7 14.
Qxf7+ Rxf7 15. Rd2 d6 16. h4 Bd7 17. h5 O-O-O 18. a3 Rh8 19. Bd3 Ne7 20. Neg5
Rf4 21. h6 e5 22. h7 Be8 23. Kd1 Bg6 24. Bxg6 Nxg6 25. Rh6 Nf8 26. Ke1 e4 27.
Nd4 Bxd4 28. Rxd4 Rg4 29. Nxe4 Rxg2 30. Nf6 Rg7 31. Rdh4 Nd7 32. Nxd7 Kxd7 33.
Ke2 Ke7 34. f4 Rg2+ 35. Kd3 Kf7 36. f5 Rf2 37. R4h5 Kg7 38. b3 Rxf5 39. Rxf5
Kxh6 40. Rf7 Rxh7 41. Rxh7+ Kxh7 42. Kd4 Kg6 43. Kd5 Kf6 44. c4 Ke7 45. b4 c6+
46. Kd4 b6 47. a4 a6 48. c5 dxc5+ 49. bxc5 b5 50. axb5 cxb5 51. Kd5 Kd7 52. c6+
Kc8 53. Kd4 a5 54. Kd5 b4 55. Kc4 Kc7 56. Kb3 Kxc6 57. Kc4 Kb6 58. Kb3 Kc5 59.
Kb2 Kc4 60. Kc2 a4 61. Kb2 a3+ 62. Kc2 b3+ 63. Kc1 Kc3 64. Kd1 a2 65. Ke2 a1=Q
66. Kf3 b2 67. Kf4 b1=Q 68. Ke5 Qd3 69. Kf6 Qaf1+ 70. Kg7 Qg3+ 71. Kh6 Qh1# 0-1

[Event "DEM U12/U12w 2003"]
[Site "Willingen GER"]
[Date "2003.06.14"]
[Round "11"]
[White "Medlin, Paul"]
[Black "Reipschläger, Tom"]
[Result "1-0"]
[Termination "normal"]
[Board "28"]
[WhiteElo "1611"]
[BlackElo "1099"]
[PlyCount "115"]
[EventCountry "GER"]
[EventRounds "11"]
[EventType "swiss"]
[EventDate "2003.06.07"]

1. e4 e5 2. Nf3 Nf6 3. Nxe5 d6 4. Nf3 Nxe4 5. d3 Nf6 6. Be2 Nc6 7. O-O Bg4 8.
Re1 Be7 9. Nc3 O-O 10. Bf4 Bxf3 11. Bxf3 Nd4 12. Be3 c5 13. Bxd4 cxd4 14. Nb5
Qd7 15. Nxd4 Rfe8 16. Re2 d5 17. Nb3 Bd6 18. Qd2 Bc7 19. Rae1 Qa4 20. Rxe8+
Rxe8 21. Rxe8+ Nxe8 22. a3 Qh4 23. g3 Qf6 24. Bxd5 Qxb2 25. Qc1 Qxc1+ 26. Nxc1
b6 27. Nb3 Nf6 28. Bc6 Kf8 29. Nd4 g6 30. Bb7 a5 31. Kg2 Ke7 32. Kf3 Kd6 33.
Nb5+ Kd7 34. Nxc7 Kxc7 35. Ba6 g5 36. Bc4 Kd6 37. Bxf7 Kc5 38. c3 b5 39. h3 b4
40. axb4+ axb4 41. cxb4+ Kxb4 42. d4 Kb5 43. d5 Kc5 44. Be6 Nxd5 45. Bxd5 Kxd5
46. Kg4 h6 47. Kh5 Ke5 48. Kxh6 Kf5 49. g4+ Kf6 50. f3 Kf7 51. Kxg5 Kg7 52. f4
Kf7 53. Kh6 Kg8 54. f5 Kh8 55. g5 Kg8 56. g6 Kh8 57. f6 Kg8 58. f7+ 1-0

[Event "DEM U12/U12w 2003"]
[Site "Willingen GER"]
[Date "2003.06.14"]
[Round "11"]
[White "Miclea, Sebastian"]
[Black "Büchner, Felix"]
[Result "1-0"]
[Termination "normal"]
[Board "29"]
[WhiteElo "1532"]
[BlackElo "1229"]
[PlyCount "93"]
[EventCountry "GER"]
[EventRounds "11"]
[EventType "swiss"]
[EventDate "2003.06.07"]

1. d4 d5 2. c4 e6 3. Nc3 Nf6 4. cxd5 exd5 5. Bg5 Be7 6. e3 c6 7. Bd3 O-O 8. Qc2
Nbd7 9. Nge2 Re8 10. O-O Nf8 11. Rae1 h6 12. Bh4 Ne4 13. Bxe7 Qxe7 14. f3 Nf6
15. e4 Be6 16. e5 N6d7 17. f4 Bg4 18. Ng3 h5 19. h3 h4 20. Nh1 Bh5 21. g4 hxg3
22. Nxg3 Qh4 23. Nxh5 Qxh5 24. Kh2 f6 25. Rg1 Re7 26. Re2 Qh6 27. Rf2 Kf7 28.
Ne2 g6 29. f5 gxf5 30. Bxf5 Ke8 31. Bxd7+ Nxd7 32. exf6 Rf7 33. Qg6 Qe3 34.
Qg8+ Nf8 35. Qg3 Qe6 36. Qe5 Kd7 37. Qxe6+ Kxe6 38. Nf4+ Kd7 39. Ng6 Nxg6 40.
Rxg6 Raf8 41. Kg3 Ke6 42. b4 Rxf6 43. Rfxf6+ Rxf6 44. Rxf6+ Kxf6 45. Kf4 b5 46.
a3 a6 47. h4 1-0

[Event "DEM U12/U12w 2003"]
[Site "Willingen GER"]
[Date "2003.06.14"]
[Round "11"]
[White "Perlick, Maria"]
[Black "Stelter, Frederik"]
[Result "0-1"]
[Termination "normal"]
[Board "30"]
[WhiteElo "1397"]
[BlackElo "1157"]
[PlyCount "84"]
[EventCountry "GER"]
[EventRounds "11"]
[EventType "swiss"]
[EventDate "2003.06.07"]

1. d4 d5 2. c4 e6 3. Nc3 Nf6 4. Bg5 Be7 5. Nf3 O-O 6. e3 h6 7. Bxf6 Bxf6 8. Bd3
b6 9. cxd5 exd5 10. O-O Bb7 11. Rc1 Nd7 12. Bb1 c5 13. Qd3 g6 14. Ne2 Re8 15.
Nf4 c4 16. Qc2 Nf8 17. Qd1 b5 18. h3 Kg7 19. Nh2 Ne6 20. Qg4 Nxf4 21. Qxf4 a5
22. Nf3 b4 23. Qg3 Ba6 24. Rfe1 Qb8 25. Qxb8 Raxb8 26. Red1 Rec8 27. Re1 a4 28.
Kh2 c3 29. bxc3 bxc3 30. a3 Be7 31. Rc2 Rb2 32. Rxb2 cxb2 33. Nd2 Bxa3 34. Rd1
Rc1 35. Bc2 Rxc2 36. Nb1 Rc1 37. Nxa3 Rxd1 38. f3 b1=Q 39. Nxb1 Rxb1 40. Kg3 a3
41. Kf2 a2 42. Kg3 a1=Q 0-1

[Event "DEM U12/U12w 2003"]
[Site "Willingen GER"]
[Date "2003.06.14"]
[Round "11"]
[White "Völsgen, Georg"]
[Black "Wassilian, Diana"]
[Result "1/2-1/2"]
[Termination "normal"]
[Board "31"]
[WhiteElo "1159"]
[BlackElo "1376"]
[PlyCount "130"]
[WhiteFideId "24635901"]
[EventCountry "GER"]
[EventRounds "11"]
[EventType "swiss"]
[EventDate "2003.06.07"]

1. e4 e5 2. Nf3 Nc6 3. Nc3 Bc5 4. Nxe5 Bxf2+ 5. Kxf2 Nxe5 6. d4 Qf6+ 7. Kg1 Ng6
8. Nd5 Qd8 9. Bd3 Nf6 10. Bg5 c6 11. Nxf6+ gxf6 12. Bd2 Qb6 13. Bc3 c5 14. Bc4
Rg8 15. d5 Ne5 16. Be2 d6 17. h3 Bd7 18. Kh2 O-O-O 19. b3 Rg7 20. Bf1 Rdg8 21.
Qd2 Qd8 22. Qf2 a6 23. Bb2 Rg6 24. Bxe5 fxe5 25. Qxf7 R8g7 26. Qf2 Qg8 27. c4
b5 28. Rb1 a5 29. Ra1 Kc7 30. Rb1 Rh6 31. Qd2 Rhg6 32. Qxa5+ Kb8 33. Qd2 Rg3
34. Qf2 Kc7 35. Re1 h5 36. Re3 h4 37. Kg1 b4 38. Rxg3 hxg3 39. Qf3 Rg6 40. h4
Qg7 41. Bd3 Qg8 42. h5 Rh6 43. Qe3 Qg7 44. Rh4 Be8 45. Be2 Bd7 46. Bf3 Qf6 47.
Rh1 Qg7 48. Kf1 Bg4 49. Bxg4 Qxg4 50. Qf3 Rf6 51. Ke2 Rxf3 52. gxf3 Qg5 53. h6
g2 54. Rg1 Qxh6 55. Rxg2 Kd7 56. Kf2 Ke7 57. Ke2 Kf7 58. Kf2 Qd2+ 59. Kg3 Qf4+
60. Kf2 Qh4+ 61. Ke2 Qh3 62. Kf2 Qh4+ 63. Kf1 Qh1+ 64. Kf2 Qh4+ 65. Kf1 Qh3
1/2-1/2

[Event "DEM U12/U12w 2003"]
[Site "Willingen GER"]
[Date "2003.06.14"]
[Round "11"]
[White "Frey, Alisa"]
[Black "Friedt, Edmund"]
[Result "0-1"]
[Termination "normal"]
[Board "33"]
[WhiteElo "1138"]
[BlackElo "1306"]
[PlyCount "100"]
[WhiteFideId "24634662"]
[BlackFideId "24629545"]
[EventCountry "GER"]
[EventRounds "11"]
[EventType "swiss"]
[EventDate "2003.06.07"]

1. e4 e5 2. Nf3 Nc6 3. Nc3 Bb4 4. d4 exd4 5. Nxd4 Bxc3+ 6. bxc3 Nf6 7. Nxc6
bxc6 8. Bg5 h6 9. Bh4 g5 10. Bg3 O-O 11. Bd3 Re8 12. f3 d6 13. O-O Kh8 14. Re1
Nh5 15. Bf2 Rg8 16. Bc4 Be6 17. Qd4+ Qf6 18. Bxe6 fxe6 19. g4 Qxd4 20. Bxd4+
Ng7 21. Bxg7+ Kxg7 22. Rab1 Rab8 23. Kf2 Rb5 24. Rb3 Kf7 25. Ke3 Rh8 26. f4
gxf4+ 27. Kxf4 Rg8 28. c4 Rb6 29. h3 d5 30. exd5 cxd5 31. cxd5 exd5 32. Rxb6
axb6 33. Ke5 Re8+ 34. Kxd5 Rxe1 35. Kc4 Rh1 36. Kb5 Rxh3 37. c4 Rg3 38. Kc6
Rxg4 39. Kd5 h5 40. a4 h4 41. Ke5 Rxc4 42. Kf5 h3 43. a5 bxa5 44. Kg5 h2 45.
Kh5 Rf4 46. Kg5 Rf1 47. Kg4 h1=Q 48. Kg3 Qg1+ 49. Kh3 Rf2 50. Kh4 Rh2# 0-1